|
|
|
|
| LEADER |
00849cam a2200229 a 4500 |
| 008 |
831229s1982 ii b 000 0 eng |
| 010 |
|
|
|a 82906200
|
| 020 |
|
|
|c Rs110.00
|
| 043 |
|
|
|a a-ii---
|
| 082 |
0 |
0 |
|a 615.321
|2 19
|
| 100 |
1 |
|
|a Sharma, P. V.
|
| 245 |
1 |
0 |
|a Ḍalhaṇa and his comments on drugs /
|c P.V. Sharma.
|
| 260 |
|
|
|a New Delhi :
|b Munshiram Manoharlal Publishers,
|c 1982.
|
| 300 |
|
|
|a xii, 292 p. ;
|c 23 cm.
|
| 504 |
|
|
|a Bibliography: p. [293]
|
| 650 |
|
0 |
|a Materia medica.
|
| 650 |
|
0 |
|a Medicine, Ayurvedic.
|
| 942 |
|
|
|2 ddc
|c BK
|
| 600 |
0 |
0 |
|a Ḍalhaṇa,
|d active 12th century.
|t Nibandhasaṅgraha.
|
| 906 |
|
|
|a 7
|b cbc
|c orignew
|d 4
|e ncip
|f 19
|g y-gencatlg
|
| 999 |
|
|
|c 251821
|d 251821
|
| 952 |
|
|
|0 0
|1 0
|4 0
|6 615_000000000000000_321_SHA_D
|7 0
|9 280477
|a SAN
|b SAN
|c ST1
|d 2017-12-29
|g 500.00
|i 11475
|l 0
|o 615.321, SHA/D
|p SAN11475
|r 2017-12-29
|w 2017-12-29
|y BK
|